Conceito actual da ciência veterinária (Record no. 45509)

MARC details
000 -Etiqueta do registo
Valores 00622cam a22001931 4500
100 ## - Dados gerais de processamento
Dados gerais 19940104d1945 m y0pory5003 ba
101 0# - Língua de publicação
Língua por
102 ## - País de publicação
País PT
200 1# - Titulo e menção de responsabilidade
Título próprio Conceito actual da ciência veterinária
Primeira menção de responsabilidade Joaquim Fiadeiro
210 #9 - Publicação
Local de publicação Lisboa
Nome do editor Edições Cosmos,
Data de publicação 1945
215 ## - Descrição física 
Paginação / Volumes 115 p.
Outras indicações físicas il.
Dimensões 19 cm
225 2# - Colecção 
Título próprio da colecção Biblioteca Cosmos
Indicação de volume 82
Número de parte ou secção 7.ª secção
Nome de parte ou secção Problemas do nosso tempo. Produção e Industria Animal na civilização Humana
675 ## - CDU
Notação 619(035)
675 ## - CDU
Notação 614.9
Edição BN
Língua por
700 #1 - Autor principal
Apelido Fiadeiro,
Nome Joaquim Barradas da Silva,
Datas 1901-1990
801 #0 - Fonte de origem
País PT
Agência BN
Regras de catalogação RPC
990 ## - Elementos KOHA
Tipo de documento Livro
Holdings
Aquisição Empréstimo Código de barras Cota Permissão de empréstimo Tipo de documento Nota relativa ao exemplar
Biblioteca Municipal de Redondo Biblioteca Municipal de Redondo 056216 619 FIA Consulta presencial Livro oferta de Vergílio Ambrósio

Powered by Koha